International migration and economic integration understanding the immigrant-trade link (Registro nro. 182592)

Detalles MARC
000 -ENCABEZADO
Número de control [NR] 01051nam a22002537a 4500
005 - FECHA Y HORA DE LA ÚLTIMA TRANSACCIÓN
control field 20140903174953.0
008 - DE LONGITUD FIJA DE DATOS DE ELEMENTOS - INFORMACIÓN GENERAL
Elementos de longitud fija [NR] 131122s2011 enkad frb 001 0 eng d
020 ## - NUMERO INTERNACIONAL NORMALIZADO PARA LIBROS [R]
Número Internacional Normalizado del libro [NR] 0857930664
020 ## - NUMERO INTERNACIONAL NORMALIZADO PARA LIBROS [R]
Número Internacional Normalizado del libro [NR] 9780857930668
040 ## - FUENTE DE CATALOGACION [NR]
Agencia de catalogación original [NR] CO-BoUCM
Idioma de catalogación [NR] spa
Quien Cataloga
Quien Clasifica Aldemar Mondragón
041 00 - CODIGO DE IDIOMA [R]
Código de idioma para texto/pista de sonido o título separado [R] Inglés
100 1# - ASIENTO PRINCIPAL--NOMBRE PERSONAL [NR]
Nombre personal [NR] White, Roger
Fechas asociadas con el nombre [NR] 1967-
ID Autoridad 51092
245 10 - MENCION DE TITULO [NR]
Título [NR] International migration and economic integration understanding the immigrant-trade link
Mención de responsabilidad, etc. [NR] Roger White, Bedassa Tadesse
260 ## - PUBLICACION, DISTRIBUCION, ETC. (PIE DE IMPRENTA) [R]
Lugar de publicación, distribución, etc. [R] Cheltenham (Reino Unido)
-- Northampton (Massachusetts, Estados Unidos)
Nombre del editor, distribuidor, etc. [R] Edward Elgar
Fecha de publicación, distribución, etc. [R] 2011
300 ## - DESCRIPCION FISICA [R]
Extensión [R] xi, 315 páginas
Otros detalles físicos [NR] ilustraciones y gráficas
504 ## - NOTA DE BIBLIOGRAFIA, ETC. [R]
Nota de bibliografía, etc. [NR] Incluye referencias bibliográficas e índices
650 #7 - ASIENTO SECUNDARIO DE MATERIA - TERMINO TEMATICO [R]
Término temático o nombre geográfico como elemento de entrada [NR] Comercio internacional
9 (RLIN) 11207
650 #7 - ASIENTO SECUNDARIO DE MATERIA - TERMINO TEMATICO [R]
Término temático o nombre geográfico como elemento de entrada [NR] Emigración e inmigración
Subdivisión general [R] Aspectos económicos
9 (RLIN) 51093
650 #7 - ASIENTO SECUNDARIO DE MATERIA - TERMINO TEMATICO [R]
Término temático o nombre geográfico como elemento de entrada [NR] Integración económica internacional
9 (RLIN) 33496
690 ## - ASUNTO AGREGADO LOCAL DE ENTRADA - TÉRMINO TEMÁTICO (OCLC, RLIN)
9 (RLIN) 42797
Acceso temático local Economía internacional
700 1# - ASIENTO SECUNDARIO - NOMBRE PERSONAL [R]
Nombre personal [NR] Bedassa Tadesse
9 (RLIN) 51094
942 ## - ELEMENTOS DE ENTRADA AGREGADOS (KOHA)
Tema principal Economía
Tipo de ítem principal el descrito en 300a Libro
Edición 1
Parte restante de la signatura top. W582i
Sistema de clasificación DEWEY
Clasificación 337.1
Existencias
Fecha de último préstamo Total préstamos Signatura topográfica Código de barras Última vez visto Ejemplar Costo de reposición Price effective from Tipo de ítem Perdido Sistema de clasificación Dañado No prestable Tipo de ítem específico Suprimido Ubicación habitual Ubicación actual Localización Fecha de creación Proveedor Forma de adquisición Costo
27/01/2020 3 337.1 W582i 100137838 04/12/2025 Ej.1 241600.00 06/11/2013 Libro   DEWEY     Libro   Claustro Claustro Mezanine 06/11/2013 15 Compra 241600.00